000
00209 a2200097 4500
020
_a
9780553536447
041
_a
eng
100
_a
Jordan Stratford
245
_a
The Wollstonecraft Detective Agency
942
_c
BK
999
_c
29041
_d
29039